000 01207cam a22002533a 4500
001 20321
003 PGUSA
005 20140828083429.0
008 070109s2007||||xxu|||||s|||||000 | eng d
040 _aPGUSA
_beng
042 _adc
050 4 _aF1401
100 1 _aCasas, Bartolomé de las,
_d1474-1566
245 1 2 _aA Brief Account of the Destruction of the Indies :
_bOr, a faithful NARRATIVE OF THE Horrid and Unexampled Massacres, Butcheries, and all manner of Cruelties, that Hell and Malice could invent, committed by the Popish Spanish Party on the inhabitants of West-India, TOGETHER With the Devastations of several Kingdoms in America by Fire and Sword, for the space of Forty and Two Years, from the time of its first Discovery by them.
_h[electronic resource] /
_cBartolomé de las Casas
260 _bProject Gutenberg,
_c2007
500 _aTranslation of: Brevísima relación de la destrucción de las Indias
506 _aPublic domain in the USA.
516 _aElectronic text
653 _aIndians, Treatment of -- Latin America
653 _aSpain -- Colonies -- America
830 0 _aProject Gutenberg
_v20321
856 4 0 _uhttp://www.gutenberg.org/ebooks/20321
942 _cEB
999 _c249576
_d249576